| 000 | 00509nam a2200181 i 4500 | ||
|---|---|---|---|
| 001 | 40758 | ||
| 003 | ES-MaACL | ||
| 005 | 20230906160313.0 | ||
| 007 | t| | ||
| 008 | 030307s1961 sp ||||1| spa d | ||
| 080 | _a618.17-008.8 | ||
| 100 | 1 |
_aCardús, José. _935214 |
|
| 245 | 1 | 0 |
_aTrastornos de la mujer joven : _bla menstruación / _cJosé Cardús. |
| 260 |
_a[Madrid : _bs.n., _c1961] ( _fGráf. MAG) |
||
| 300 |
_a24 p, ; _c21 cm. |
||
| 650 | 4 |
_aMenstruación. _9174292 |
|
| 852 | 4 |
_aES-MaACL _j2021-F-21 |
|
| 999 |
_c40758 _d40758 |
||